Statistics for NCAA Basketball Teams in Louisiana

Click here to take the quiz!

General Stats

  • This quiz has been taken 21 times
    (8 since last reset)
  • The average score is 9 of 13

Answer Stats

ConferenceSchool% Correct
Sun BeltLouisiana-Lafayette
100%
SECLSU
100%
SWACGrambling State
86%
Sun BeltLouisiana-Monroe
86%
C-USALouisiana Tech
86%
AACTulane
86%
SouthlandUNO
86%
SouthlandMcNeese State
57%
SouthlandSoutheastern Louisiana
57%
SWACSouthern
57%
SouthlandNicholls State
43%
SouthlandNorthwestern State
43%
SCACCentenary
29%

Score Distribution

Percentile by Number Answered

Percent of People with Each Score

Your Score History

You have not taken this quiz since the last reset